| 000 | 00594nam a2200205 a 4500 | ||
|---|---|---|---|
| 005 | 20210223125933.0 | ||
| 008 | 060525s1998 mx r 000 0 spa d | ||
| 020 | _a9681103327 | ||
| 035 | _aUPN01000144714 | ||
| 049 | _aCG | ||
| 050 | 4 |
_aPS3555 S3.3 _bS3.5 |
|
| 100 | 1 |
_aEscandón, María Amparo, _d1957- |
|
| 245 | 1 | 0 |
_aSantitos / _cMaría Amparo Escandón. |
| 260 |
_aMéxico : _bPlaza & Janés, _c1998. |
||
| 300 | _a221 p. | ||
| 650 | 4 |
_aMUJERES MEXICOAMERICANAS - _vNOVELA _96270 |
|
| 650 | 4 |
_aMADRES E HIJAS - _vNOVELA _9727 |
|
| 650 | 4 |
_aAPARICIONES - _vNOVELA _96271 |
|
| 905 | _aLibro | ||
| 999 |
_c116861 _d116861 |
||